LEADER 00592nam 2200181z- 450 001 9911007246403321 010 $a1-5231-5729-1 035 $a(CKB)5840000000438267 035 $a(EXLCZ)995840000000438267 100 $a20240213c2023uuuu -u- - 101 0 $aeng 200 10$aAASHTO Guide Specifications for LRFD Seismic Bridge Design 210 $cAmerican Association of State Highway and Transportation Officials (AASHTO) 311 $a1-56051-808-1 906 $aBOOK 912 $a9911007246403321 996 $aAASHTO Guide Specifications for LRFD Seismic Bridge Design$94388777 997 $aUNINA